Famous Explorers - Sudden Death - Statistics

General Stats
  • This quiz has been taken 1,650 times
    984 since last reset
  • The average score is 11 of 19
Answers on the Grid
Answers color-coded by a green-red scale on the quiz's grid according to % correct below.
Roald Amundsen
Gustave Eiffel
Christopher Columbus
Gottlieb Daimler
I. M. Pei
James Watt
Charles Babbage
James Cook
Francis Drake
Edward Jenner
Marco Polo
Vasco da Gama
Ferdinand Magellan
Alexander Fleming
Juan Ponce de León
Zaha Hadid
Hernán Cortés
Linus Pauling
Dorothy Hodgkin
Frank Lloyd Wright
Amerigo Vespucci
Oscar Niemeyer
Ibn Battuta
Le Corbusier
Francisco Pizarro
Joseph Lister
Alessandro Volta
Samuel de Champlain
Frank Gehry
Erik the Red
Abel Tasman
Renzo Piano
Jacques Cartier
Antoni Gaudí
Norman Foster
Leif Eriksson
Ernest Shackleton
Konrad Zuse
David Livingstone
 
Answer Stats
Answer % Correct
Christopher Columbus
86%
Marco Polo
84%
Francis Drake
75%
James Cook
75%
Ferdinand Magellan
72%
Vasco da Gama
70%
Leif Eriksson
64%
Amerigo Vespucci
62%
Hernán Cortés
61%
Francisco Pizarro
59%
Roald Amundsen
57%
Erik the Red
56%
David Livingstone
50%
Abel Tasman
49%
Juan Ponce de León
49%
Ernest Shackleton
42%
Samuel de Champlain
35%
Jacques Cartier
32%
Ibn Battuta
30%
No matching quizzes found
Score Distribution
Percent of People with Each Score
Percentile by Number Answered
Your Score History
You have not taken this quiz since the last reset